All AEW Continental Classic Participants - Statistics

General Stats
  • This quiz has been taken 18 times
  • The average score is 31 of 37
Answer Stats
Score Participants % Correct
12 Jon Moxley
100%
9 Jon Moxley
100%
10 Kazuchika Okada
100%
9 Kazuchika Okada
100%
12 Kyle Fletcher
100%
9 Kyle Fletcher
100%
6 Brody King
94%
6 Brody King
94%
10 Bryan Danielson
94%
9 Eddie Kingston
94%
13 Konosuke Takeshita
94%
7 PAC
94%
10 Ricochet
94%
3 Roderick Strong
94%
7 Claudio Castagnoli
88%
9 Claudio Castagnoli
88%
7 Claudio Castagnoli
88%
7 Darby Allin
88%
6 "Jungle" Jack Perry
88%
6 Orange Cassidy
88%
9 Will Ospreay
88%
3 Daniel Garcia
81%
7 Daniel Garcia
81%
7 Kevin Knight
81%
3 Mark Briscoe
81%
9 Mark Briscoe
81%
6 "Speedball" Mike Bailey
81%
12 Swerve Strickland
81%
6 Mascara Dorada
75%
9 Andrade El Idolo
69%
12 Jay White
69%
* Juice Robinson
63%
3 Komander
63%
0 The Beast Mortos
63%
6 Shelton Benjamin
56%
0 Jay Lethal
50%
6 Rush
50%
No matching quizzes found
Score Distribution
Percent of People with Each Score
Percentile by Number Answered
Your Score History
You have not taken this quiz